000 01133nam a22002657a 4500
001 BD-DhSAU 7469
003 BD-DhSAU
005 20230408115253.0
008 150422b2006 bg ||||| m||m 00| 0 eng d
040 _aBD-DhSAU
082 _222
_a630.715
_bAk15
100 _aAKANDO, MD. SUJON
_eRegistration No. # 19-10344
245 _aEffects of flood on the livelihood of rural farmers under the sadar upazilla of gaibandha district /
_bMS thesis
260 _aSher-e- Bangla Agricultural University:
_bDepartment of Agricultural Extension & Information System,
_c2021.
300 _aviii, 74 p.:
_b30 cm.
500 _aMS thesis of Department of Agricultural Extension and Information System, Faculty of Agriculture, Sher-e-Bangla Agricultural University, Dhaka, Bangladesh
590 _aNamul
650 _aflood on the livelihood
650 _arural farmers
651 _agaibandha district
700 _aProf. Dr. Md. Rafiquel Islam
_eSuperviser
700 _aProf. M. Zahidul Haque
_eCo-Superviser
856 _uhttp://archive.saulibrary.edu.bd:8080/xmlui/handle/123456789/4850
942 _2ddc
_cTHESIS
999 _c16735
_d16734